| 000 | 00725cam a22002653a 4500 | ||
|---|---|---|---|
| 001 | 21149 | ||
| 003 | PGUSA | ||
| 005 | 20140828083441.0 | ||
| 008 | 070424s2007||||xxu|||||s|||||000 p eng d | ||
| 040 |
_aPGUSA _beng |
||
| 042 | _adc | ||
| 050 | 4 | _aPZ | |
| 050 | 4 | _aPT | |
| 100 | 1 |
_aBusch, Wilhelm, _d1832-1908 |
|
| 245 | 1 | 0 |
_aMax und Moritz _h[electronic resource] / _cWilhelm Busch |
| 260 |
_bProject Gutenberg, _c2007 |
||
| 506 | _aPublic domain in the USA. | ||
| 516 | _aElectronic text | ||
| 653 | _aWit and humor | ||
| 653 | _aChildren's poetry, German | ||
| 653 | _aPractical jokes -- Juvenile poetry | ||
| 830 | 0 |
_aProject Gutenberg _v21149 |
|
| 856 | 4 | 0 | _uhttp://www.gutenberg.org/ebooks/21149 |
| 942 | _cEB | ||
| 999 |
_c250404 _d250404 |
||